| 000 | 02359 a2200205 4500 | ||
|---|---|---|---|
| 020 | _a9780849333262 | ||
| 020 | _a0849333261 | ||
| 040 |
_aDLC _bDLC |
||
| 082 | 0 | 0 | _a620/.5 |
| 245 | 0 | 0 |
_aNanomanufacturing handbook _cAhmed Busnaina, [editor] |
| 260 |
_aBoca Raton, FL : _bCRC Press/Taylor & Francis, _cc2007. |
||
| 300 |
_a408 p. : _bill. ; _c25 cm. |
||
| 505 | 0 | _aIntroduction to nanomanufacturing / Ahmed Busnaina and Manish Mehta -- Surface-programmed assembly for nanomanufacturing / Seunghun Hong ...[et al.] -- Fabrication and applications of single-walled carbon nanotube (SWNT) fabrics / Darren K. Brock ... [et al.] -- Controlled synthesis of carbon nanotubes using chemical vapor deposition methods / Yung Joon Jung -- Reconfigurable CMOS electronic microarray system for the assisted self-assembly of higher-order nanostructures / Dietrich Dehlinger ...[et al.] -- Manufacturing electrical contacts to nanostructures / Loucas Tsakalakos -- Nanofabrication techniques with high-resolution molded rubber stamps / Etienne Menard and John Rogers -- Room-temperature nanoimprint and nanocontact technologies / Ken-ichiro Nakamatsu and Shinji Matsui -- Antistiction layers for nano imprinting lithography / Nam-Goo Cha, Jin-Goo Park -- Nanocontacts and switch reliability / George G. Adams and Nicol E. McGruer -- Nanoscale defects and surface preparation in nanomanufacturing / Ahmed Busnaina and Kaveh Bakhtari -- Improved carbon materials for nanomanufacturing applications / Patrick Lemoine ... [et al.] -- Nanomanufacturing processes using polymeric materials / Carol Barry, Julie Chen, and Joey Mead -- Patterned electrospray fiber structures / Phil Gibson and Heidi Schreuder-Gibson -- Patenting nanotechnology / Rouget F. (Ric) Henschel and Stephen B. Maebius -- Leaving the laboratory: regulatory and societal issues confronting nanotechnology commercialization / Christopher J. Bosso ... [et al.] -- R&D activities for nanoscale manufacturing processes and enabling equipment in Korea / Chang-Soo Han ... [et al.]. | |
| 650 | 0 | _aNanotechnology. | |
| 650 | 0 | _aNanostructured materials. | |
| 700 | 1 | _aBusnaina, A. A. | |
| 856 | 4 | 1 |
_3Table of contents only _uhttp://www.loc.gov/catdir/toc/ecip0611/2006009680.html |
| 856 | 4 | 1 |
_3Publisher description _uhttp://www.loc.gov/catdir/enhancements/fy0625/2006009680-d.html |
| 942 |
_cBK _k620.5 BUS _2ddc |
||
| 999 |
_c7889 _d7889 |
||